000 01366nam a22002657a 4500
001 8799
003 FISKH
005 20251021114121.0
008 251021b cb ||||| |||| 00| 0 eng d
020 _a9788120777842
040 _aFISKH
_beng
_cFISKH
_dFISKH
050 _aPZ8 .H26
082 _a398.2452\
100 _aAnonymous
245 _aThe Hare and the Tortoise /
260 _aNew Delhi :
_bSterling,
_c2012.
300 _a4 unnumbered pages :
_bcolor illustrations ;
_c17 cm
505 _aF
520 _aWhen an arrogant hare thinks he's the best around, who could possibly bring him down? One determined tortoise is about to try! Readers will delight in this beautiful retelling of one of Aesop's most beloved fables. Clean, simple language makes the story accessible, while adorable illustrations draw in even reluctant readers. As they follow the epic race between hare and tortoise, readers will see how boastfulness can catch up to even the fastest runner, and how a good work ethic can carry anyone to victory. This classic tale introduces readers to important values such as commitment, humility, and sportsmanship in a fun way, making it a valuable addition to any library.
521 8 _a300
_bLexile estimate
521 8 _aF
_bRaz-Plus
650 _aFolk & Fairy Tales
_vFables
_xBunny
942 _2ddc
_cBK
_n0
999 _c8799
_d8799